000 00580nam a2200181 a 4500
005 20250110125721.0
008 010730s1966 fr r 000 0 eng d
035 _aUPN01000110235
049 _aUNE
050 4 _aAS4 U8
_bA7.4
245 0 3 _aAn asian model of educational development :
_bperspectives for 1965-80.
260 _a[Paris] :
_bUNESCO,
_c1966.
300 _a126 p.
500 _aTambién localizas un ejemplar en Colección General
650 4 _aEducación
_zAsia
_vModelos matemáticos
_914724
650 4 _aEDUCACION -
_xPLANIFICACION -
_zASIA
_917907
905 _aLibro
999 _c84144
_d84144